Sporclin' Through the '80s II Quiz Stats

 Plays Quiz Updated Apr 28, 2017

Support Sporcle.
Go Orange.
Score 0/36 Timer 06:00
1 Play Today
Hint Answer % Correct
Prince
95.3%
E.T. the Extra-Terrestrial
95%
 
▼    History    ▼
 
Ronald Reagan
94.5%
 
▼    Movies    ▼
 
The Little Mermaid
94.2%
Back to the Future
94.1%
Elton John
92.1%
The Karate Kid
91.7%
Teenage Mutant Ninja Turtles
91%
 
▼    Television    ▼
 
The Golden Girls
88.2%
 
▼    Music    ▼
 
Tina Turner
88.1%
Mother Teresa
87.9%
My Little Pony
87.4%
The A-Team
87.3%
Lionel Richie
84.1%
Troll Dolls
83.4%
Cyndi Lauper
79.1%
Miami Vice
78.5%
 
▼    Gaming    ▼
 
Donkey Kong
78.2%
Hint Answer % Correct
Knight Rider
77.8%
Steven Spielberg
75.6%
The Dukes of Hazzard
74.5%
Transformers
74.1%
The Empire Strikes Back
69.1%
Platoon
66.2%
Run–D.M.C.
63.3%
Dalai Lama
62.7%
 
▼    Sports    ▼
 
Joe Montana
57%
Frogger
54.6%
Jimmy Connors
48.4%
Martina Navratilova
47.1%
Isiah Thomas
44.6%
Diego Maradona
42.4%
Ayatollah Ruhollah Khomeini
38.2%
Cal Ripken Jr.
38.1%
Corazon Aquino
31.9%
Mega Man
26.8%

You're not logged in!

Compare scores with friends on all Sporcle quizzes.
OR
Log In
Forgot?

From the Vault

Behind the Horror

by Hejman

The horror! The horror!
Remove Ads.
Support Sporcle.
Get the best of Sporcle when you Go Orange. This ad-free experience offers more features, more stats, and more fun while also helping to support Sporcle. Thank you for becoming a member.

Show Comments

Extras

Top Quizzes Today


Score Distribution

Your Account Isn't Verified!

In order to create a playlist on Sporcle, you need to verify the email address you used during registration. Go to your Sporcle Settings to finish the process.

Report this User

Report this user for behavior that violates our Community Guidelines.

Details: